000 00454nam a2200181Ia 4500
005 20250326130236.0
008 250326s9999 xx 000 0 und d
037 _aTextbook
040 _aFMSL
_beng
_cFMSL
041 _aeng
_2eng
084 _aX.44 L3
_qFMSL
100 _aGhosh A
245 0 _aIndian economy
_cGhosh A
260 _aLondon
_bLondon, World
_c1973
300 _a676p
942 _cTB
_hX.44 L3
999 _c1281613
_d1281613